| 000 | nam a22 a 4500 | ||
|---|---|---|---|
| 999 |
_c1997 _d1997 |
||
| 003 | AKMAL | ||
| 005 | 20170512161548.0 | ||
| 008 | 17051 s2000 my 00 may d | ||
| 020 |
_a9839827146 (kkt.): _cRM20.00 |
||
| 040 |
_aAKMAL _cAKMAL |
||
| 082 | 0 | 4 |
_a351.595 MEM _221 |
| 090 | 0 | 0 |
_a351.595 _bMEM |
| 245 | 0 | 0 |
_aPerkhidmatan awam Malaysia : _bmemperkukuh agenda pembaharuan: laporan pembaharuan dan kemajuan dalam perkhidmatan awam tahun 2000 |
| 260 |
_aPutrajaya : _bUnit Pemodenan Tadbiran dan Perancangan Pengurusan Malaysia, _c2001 |
||
| 300 | 0 | 0 |
_axix, [268]ms. : _bil. (sbhg. wrn.) ; _c21cm |
| 650 | 0 |
_aCivil service _zMalaysia _9420 |
|
| 650 | 0 |
_aInformation and communication technology _zMalaysia _94141 |
|
| 650 | 0 |
_aTotal quality management in government _zMalaysia _94135 |
|
| 650 | 0 |
_aPersonnel management _zMalaysia _94136 |
|
| 710 | 1 |
_aMalaysia. _bUnit Pemodenan Tadbiran dan Perancangan Pengurusan Malaysia _94142 |
|
| 942 |
_2ddc _cBOOK |
||